000 00578nam a2200229Ia 4500
003 OSt
005 20221005115633.0
006 a|||||r|||| 00| 0
007 ta
008 221004b |||||||| |||| 00| 0 eng d
024 _a35466
037 _cTextual
040 _aCRL
_cCRL
_beng
041 _2eng
_aeng
082 _aN773vN4, H8
100 _aMagriel Paul
_9627910
245 0 _aChronicles of the American dance
260 _c1948
650 _aDANCE - AMERICA
_9627911
942 _hN773vN4, H8
_cTEXL
_2cc
999 _c1035474
_d1035474